| 000 | 01298nam2a22002891 4500 | ||
|---|---|---|---|
| 001 | rc\4047379 | ||
| 005 | 20250611071048.0 | ||
| 021 |
_aRU _b[48-31449] |
||
| 035 | _a(NLR Aleph) 008103725 | ||
| 090 |
_a9260369 _c9260369 |
||
| 100 | _a20130415d1948 |||y0rusy50 ca | ||
| 101 | 0 | _arus | |
| 102 | _aRU | ||
| 105 | _aa z ||||| | ||
| 200 | 1 | _aСмазка машин | |
| 210 |
_cМашгиз. [Ленингр. отд-ние] _d1948 _g1-я тип. Машгиза в Л. _aБ. м. |
||
| 215 |
_a279 с. _cил. |
||
| 320 | _aБиблиогр.: с. 271-275 | ||
| 461 | 0 |
_1001rc\4047375 _12001#$aОсновы учения о трении, износе и смазке машин$eЧ. 1-$vЧ. 4 _1700#1$aЗайцев$bА.К.$f1873-1951$gАлександр Константинович _99260344 _aЗайцев, А.К. (1873-1951) _cМосква _d1947 _nИзд-во и 1-я тип. Машгиза в Л. _oЧ. 1- _tОсновы учения о трении, износе и смазке машин _vЧ. 4 |
|
| 606 |
_aСмазочные материалы (ч. 4) _2psbo |
||
| 606 |
_aМашины _xСмазка (ч. 4) _2psbo |
||
| 606 |
_aСмазочные масла (ч. 4) _2psbo |
||
| 801 | 0 |
_aRU _bNLR _gpsbo |
|
| 801 | 1 |
_aRU _bELAR _2rusmarc |
|
| 852 |
_aNLR _jТ36 Г-7/113 |
||
| 942 | _cBOOK | ||
| 980 | _aNB | ||